Piosenki Quebonafide - nagła śmierć - Statystyki

Ogólne statystyki
  • Ten quiz został rozwiązany 99 razy
  • Średni wynik to 12 z 16
Answers on the Grid
Answers color-coded by a green-red scale on the quiz's grid according to % correct below.
Bubbletea
California
Tamagotchi
Bez strachu
Grill u Gawrona
Papuga
Zrobiłeś to chłopak
Bogini
Half Dead
Anioły i demony
Nicea
Tokyo2020
Candy
Plaster
Szaman
8 kobiet
Kryptowaluty
Presja
Aspartam
Madagaskar
Intercontinental bajers
Jesień
Riri
Zorza
100 dni do matury
Gazprom
Bedoesiara
Zawsze tu
Zosia
C'est la vie
RomanticPsycho
Przebój nocy
 
Statystyki odpowiedzi
Odpowiedź % Poprawnych
Bubbletea
96%
Tamagotchi
96%
8 kobiet
85%
Kryptowaluty
82%
Tokyo2020
82%
Bogini
80%
Candy
80%
Half Dead
79%
RomanticPsycho
78%
Madagaskar
76%
C'est la vie
70%
Aspartam
67%
Gazprom
66%
Zorza
66%
Papuga
65%
Jesień
59%
Nie znaleziono quizów pasujących do podanych kryteriów
Rozkład punktacji
Procent ludzi z każdym wynikiem
Percentyl według liczby udzielonych odpowiedzi
Twoja historia wyników
Nie rozwiązałeś tego quizu